वेगळं व्हायचयं मला (Record no. 39618)

MARC details
000 -LEADER
fixed length control field 00701nam a2200181Ia 4500
008 - FIXED-LENGTH DATA ELEMENTS--GENERAL INFORMATION
fixed length control field 090123s9999 xx 000 0 und d
082 ## - DEWEY DECIMAL CLASSIFICATION NUMBER
Item number 1536
Classification number 891.462/कोल्हट
100 ## - MAIN ENTRY--PERSONAL NAME
Personal name कोल्हटकर बाळकृष्ण हरि
245 ## - TITLE STATEMENT
Title वेगळं व्हायचयं मला
250 ## - EDITION STATEMENT
Edition statement 2
260 ## - PUBLICATION, DISTRIBUTION, ETC. (IMPRINT)
Name of publisher, distributor, etc सुलभ मुद्रणालय
300 ## - PHYSICAL DESCRIPTION
Extent 75
600 ## - SUBJECT ADDED ENTRY--PERSONAL NAME
Personal name कोल्हटकर बाळकृष्ण हरि
630 ## - SUBJECT ADDED ENTRY--UNIFORM TITLE
Uniform title वेगळं व्हायचयं मला
700 ## - ADDED ENTRY--PERSONAL NAME
Personal name कोल्हटकर बाळकृष्ण हरि
730 ## - ADDED ENTRY--UNIFORM TITLE
Uniform title वेगळं व्हायचयं मला
942 ## - ADDED ENTRY ELEMENTS (KOHA)
Koha item type Book
Holdings
Withdrawn status Lost status Damaged status Not for loan Home library Current library Date acquired Cost, normal purchase price Total Checkouts Full call number Barcode Date last seen Cost, replacement price Price effective from Koha item type
        Jawahar Wachalanalaya, Kalwa Jawahar Wachalanalaya, Kalwa 03/31/2002 2.00   1536 KLW-1536 01/23/2009 2.00 01/23/2009 Book